A munkával való elégedettség és a munkahelyi jóllét kapcsolata

Bibliographic Details
Main Author: Tóth Tímea
Other Authors: Szászvári Dr. Karina Ágnes
Format: Thesis
Kulcsszavak:Munkával való elégedettség
Motivációs elméletek
Munkahelyi jóllét
Online Access:http://dolgozattar.uni-bge.hu/22086

MARC

LEADER 00000nta a2200000 i 4500
001 dolg22086
005 20190516082236.0
008 190516suuuu hu om 000 hun d
040 |a BGE Dolgozattár Repozitórium  |b hun 
041 |a hu 
100 1 |a Tóth Tímea 
245 1 2 |a A munkával való elégedettség és a munkahelyi jóllét kapcsolata  |c Tóth Tímea  |h [elektronikus dokumentum] 
695 |a Munkával való elégedettség 
695 |a Motivációs elméletek 
695 |a Munkahelyi jóllét 
700 1 |a Szászvári Dr. Karina Ágnes  |e ths 
856 4 0 |u http://dolgozattar.uni-bge.hu/22086/1/TURNITIN.pdf  |z Dokumentum-elérés